[Event "10th LCC FIDE Open 2018"]
[Site "London"]
[Date "2018.12.10"]
[Round "3"]
[White "Dauletova, Gulmira"]
[Black "Hawkins, Jonathan"]
[Result "0-1"]
[WhiteElo "2261"]
[BlackElo "2583"]
[Annotator "TA"]
[PlyCount "73"]
[EventDate "2018.12.09"]
[EventType "swiss"]
[EventCountry "ENG"]
[SourceTitle "playchess.com"]
[Source "ChessBase"]
[SourceQuality "1"]

{[%evp 21,73,24,31,0,6,-12,-25,-22,-13,-34,0,-36,-12,-40,-29,-72,-63,-63,-69,-93,-50,-48,-51,-56,-58,-69,-64,-85,-86,-86,-85,-200,-96,-276,-279,-270,-270,-262,-230,-213,-164,-202,-195,-209,-210,-209,-202,-211,-217,-227,-227,-245,-244,-255]} 1. e4 e5 2. Nf3 Nf6 3. Nxe5 d6 4. Nf3 Nxe4 5. d4 d5 6. Bd3 Bd6 7. O-O O-O 8. c4 c6 9. Nc3 Nxc3 10. bxc3 dxc4 11. Bxc4 Bg4 {LiveBook: 125 Games} 12. a4 {C42: Petroff Defence: 3 Nxe5 and unusual White 3rd moves} (12. Re1 {feels hotter.} Nd7 13. h3 Bh5 14. g4 b5 15. Bg5) (12. Qd3 Nd7 13. a4 Qc7 14. h3 Bh5 15. Nh4 Kh8 16. Nf5 Bh2+ 17. Kh1 Bf4 18. Ba3 Rfe8 19. Rfe1 Bg6 20. Qc2 c5 {0-1 (51) Amonatov,F (2608)-Sengupta,D (2563) Kolkata 2018}) 12... Nd7 13. Ba3 (13. Rb1 {with more complications.} Qa5 14. Bd2 Qc7 15. h3 Bh5 16. Bd3) 13... Bxa3 14. Rxa3 {Black has an edge.} Nb6 $146 ({Predecessor:} 14... Qf6 15. Be2 Rfe8 16. c4 Rad8 17. Re3 Qf4 18. Qc1 Qd6 19. c5 Qc7 {½-½ (69) Kadar,G (2261)-Szuliman,G (2113) Hungary 2006}) 15. Be2 Re8 16. h3 Qe7 17. Ra2 Be6 18. Ra1 {[#]} Bxh3 $1 {[%mdl 512]} 19. Re1 (19. gxh3 Qxe2) 19... Bg4 20. Qc2 Qf6 21. Ne5 Bxe2 22. Rxe2 Nd5 23. Rae1 Qd6 24. Qf5 Re7 25. c4 Nf6 26. Re3 (26. Nf3 $17 Rxe2 27. Rxe2) 26... Rae8 (26... Qxd4 $19 {is more deadly.} 27. g4 h6) 27. Rg3 $2 (27. Nd7 $17 {was called for.} Nxd7 28. c5 Rxe3 29. Rxe3) 27... g6 $19 28. Rg5 Nd7 29. Re4 {intending Nxf7.} Nxe5 30. dxe5 {Black is clearly better.} Qe6 31. Qf3 {[#]} f6 $1 {[%mdl 512]} 32. Rg3 (32. exf6 Qxe4) 32... Qf7 33. Rf4 Rxe5 34. Rxf6 Qxc4 35. Rh3 {Black must now prevent Rxg6+!} Qd5 36. Qf4 Rg5 {[%csl Gg5][%cal Rd5g2]} 37. f3 {Accuracy: White = 31%, Black = 67%.} 0-1

[Event "10th LCC FIDE Open 2018"]
[Site "London"]
[Date "2018.12.10"]
[Round "3"]
[White "Tomaszewski, Kacper"]
[Black "Cherniaev, Alexander"]
[Result "1-0"]
[WhiteElo "2259"]
[BlackElo "2393"]
[Annotator "TA"]
[PlyCount "107"]
[EventDate "2018.12.09"]
[EventType "swiss"]
[EventCountry "ENG"]
[SourceTitle "playchess.com"]
[Source "ChessBase"]
[SourceQuality "1"]

{[%evp 16,107,6,10,22,20,32,-16,-15,-21,-12,-39,-49,-58,-58,-57,-58,-93,-83,-114,-52,-129,-75,-108,-63,-79,-64,-106,-75,-104,-103,-116,-99,-116,0,0,0,0,41,0,30,0,8,-14,0,0,0,0,0,0,45,0,32,0,20,26,351,306,353,303,283,315,541,512,683,450,832,413,411,417,573,594,587,575,901,901,889,890,875,867,970,818,901,891,901,701,876,844,901,1038,952,901,846,745]} 1. d4 e6 2. c4 b6 3. e4 {[%cal Be2e4,Be4e5][%mdl 32]} Bb7 4. Bd3 Bb4+ 5. Bd2 Bxd2+ 6. Nxd2 {A40: Unusual replies to 1 d4} (6. Qxd2 f5 7. Nc3 Nf6 8. f3 Nc6 9. Nge2 fxe4 10. fxe4 e5 11. d5 Ne7 12. O-O O-O 13. Ng3 {0-1 (31) Riazantsev,A (2650)-Alekseev,E (2616) Riadh 2017}) 6... Qf6 7. Ngf3 Nc6 8. e5 Qf4 9. g3 {LiveBook: 11 Games} Qg4 10. h3 Qh5 11. Ne4 f6 {[%cal Rf6e5]} 12. exf6 Nxf6 13. Nxf6+ gxf6 14. Be2 $146 ({Predecessor:} 14. Qe2 Qa5+ 15. Kf1 Ne7 16. Be4 Bxe4 17. Qxe4 O-O-O {1-0 (17) Jarve,E (1805)-Selvik,K (1517) Fornebu 2017}) 14... Qa5+ 15. Kf1 Qb4 16. b3 O-O-O 17. Rh2 Qf8 (17... d5 $17 18. a3 Qd6) 18. a3 {[#]} (18. Rc1 $15) 18... f5 ({Black should play} 18... d5 $1 19. cxd5 Rxd5) 19. b4 Qf6 20. Rc1 Kb8 21. c5 d6 22. b5 {[#]} Na5 $1 {White must now prevent ...dxc5.} 23. c6 Bc8 24. Kg1 h5 (24... e5 $17 25. d5 f4) 25. h4 $1 $11 e5 26. d5 Rdg8 27. Ng5 e4 28. Kh1 (28. Bxh5 $2 Qh6 $19) 28... Qb2 29. Ra1 Qc3 30. Rb1 Qxa3 31. Bxh5 f4 32. gxf4 (32. Nxe4 Bf5 $17) 32... Rf8 33. Bf7 ({Much weaker is} 33. Nxe4 Rxf4 34. Ng3 Qc5 $17) 33... Qc3 34. Qc1 $36 {[%mdl 2048] White fights for an advantage.} Qf6 35. Be6 Qxf4 $2 {[%mdl 8192]} (35... Bxe6 $1 $11 {and Black stays safe.} 36. dxe6 (36. Nxe6 Rfg8 $15) 36... Rfg8) 36. Qxf4 $18 Rxf4 37. h5 {[%cal Bh4h5,Bh5h6,Bh6h7][%mdl 32]} a6 38. h6 axb5 $2 (38... Nc4 {was worth a try.} 39. h7 Ne5) 39. h7 Nc4 40. Ra1 Na5 (40... Rff8 $142 41. Bxc8 Rxc8) 41. Nf7 (41. Bxc8 $142 Kxc8 42. Rg1 Nxc6 43. dxc6) 41... Rxf7 42. Bxf7 {Hoping for Rg1.} Bf5 43. Be6 {White is clearly winning.} Bxh7 {[#]} 44. Bf5 $1 {[%mdl 512]} Bxf5 45. Rxh8+ Ka7 46. Rf8 Bg4 47. Rf7 Ka6 48. Rb1 e3 49. fxe3 Be2 50. Rf8 {[%cal Rf8a8]} Ka7 51. Kg1 Bc4 52. e4 Bd3 53. Rb4 Nc4 54. Re8 {Precision: White = 48%, Black = 38%.} 1-0

[Event "10th LCC FIDE Open 2018"]
[Site "London"]
[Date "2018.12.10"]
[Round "3"]
[White "Barrish, Daniel"]
[Black "Head, Louise"]
[Result "1/2-1/2"]
[WhiteElo "2252"]
[BlackElo "2079"]
[Annotator "TA"]
[PlyCount "165"]
[EventDate "2018.12.09"]
[EventType "swiss"]
[EventCountry "ENG"]
[SourceTitle "playchess.com"]
[Source "ChessBase"]
[SourceQuality "1"]

{[%evp 23,165,33,33,0,0,0,0,-9,-8,0,0,-30,-17,-10,-10,-11,0,-16,0,-36,-37,-63,-39,-54,-44,-26,-31,-35,-28,-28,-29,-32,-43,-45,-32,-37,-9,-37,-40,-42,-25,-31,-18,-16,-8,-8,-8,-8,-8,-8,-9,-8,-8,-9,-10,-12,-14,-81,-39,-150,-133,-206,-206,-520,-240,-230,-43,-240,-152,-240,-240,-240,-240,-240,-240,-335,-240,-240,-240,-335,-240,-240,-240,-240,-240,-250,-251,-251,-251,-268,-284,-284,-310,-310,-325,-325,-390,-390,-391,-408,-408,-415,-240,-422,-233,-233,-233,-233,-233,-240,-233,-240,-233,-233,-233,-240,-240,-240,-240,-240,-240,-240,-241,-284,-233,-233,-233,-233,-233,-233,-233,-233,-233,-233,-192,-207,-207,-207,-207,-208,-216,-216,-223,-231]} 1. d4 d5 2. c4 dxc4 3. e4 Nf6 4. e5 Nd5 5. Bxc4 Nb6 6. Bd3 Nc6 7. Be3 Nb4 8. Be4 f5 9. exf6 exf6 10. Nc3 {D20: Queen's Gambit Accepted: 3 e3 and 3 e4} f5 11. Bb1 (11. Bf3 N4d5 12. Bd2 Be6 13. Nh3 Be7 14. O-O O-O 15. Re1 Bf7 16. Nf4 Bf6 17. Ne6 Bxe6 18. Rxe6 {½-½ (30) Grandelius,N (2646)-Van Kampen,R (2640) Reading 2017}) 11... Be7 12. Nf3 O-O {LiveBook: 3 Games} 13. Ne5 Be6 14. O-O N4d5 15. a4 $146 ({Predecessor:} 15. Qf3 Nxe3 16. fxe3 Nd5 17. Nxd5 Bxd5 {1-0 (65) Andersen,M (2398)-Dinstuhl,V (2408) Germany 2012}) 15... Nxe3 16. fxe3 Bd6 17. Nf3 c6 18. e4 fxe4 19. Nxe4 Be7 20. Qd3 g6 21. Qe3 Nd5 22. Qh6 Rf4 23. Bd3 Qf8 24. Qxf8+ Raxf8 25. Rae1 Nb4 26. Nf2 R4f6 27. Bb1 Bd8 28. Ne4 Rf4 29. Nc5 Bc4 30. Ne6 Bxe6 31. Rxe6 Bb6 32. Rd1 Rd8 {[%cal Rb6d4]} (32... Kg7 {with more complications.} 33. Ree1 R8f6 34. Re8 a5 35. Be4 Rf8) 33. Re7 Bxd4+ 34. Nxd4 Rfxd4 35. Rxd4 Rxd4 36. Rxb7 $11 {[%mdl 4096] Endgame KRB-KRN} a5 37. Kf2 $1 Rd2+ 38. Kf3 Rxb2 39. Be4 Ra2 40. Rc7 (40. Kf4 $11) 40... Ra3+ 41. Ke2 (41. Kf4 $15) 41... Rxa4 $17 42. Bxc6 (42. Rc8+ $17 Kg7 43. Rc7+ Kf6 44. Rxh7) 42... Ra2+ $19 43. Kf1 $2 (43. Kf3) 43... Nxc6 (43... Rc2 $142 44. Rc8+ Kg7) 44. Rxc6 {KR-KR} Kg7 $2 (44... a4 $19 {And now ...a3 would win.} 45. Ra6 Kf7) 45. h4 $2 ({White should play} 45. Rc7+ $15 Kh6 46. Ra7) 45... h6 46. h5 (46. Rc7+ $17 Kf6 47. Rc6+ Kg7 48. Rc7+ Kf6 49. Rc6+ Kf7 50. h5) 46... gxh5 {[%cal Bg6h5,Bh5h4][%mdl 32]} 47. Rc5 Kg6 48. Kg1 a4 {[%cal Ba5a4,Ba4a3][%mdl 32]} 49. Rc4 Kf5 50. Kh2 {Now Rc5+ and White clings on.} a3 51. Rc3 h4 52. Rd3 Ke4 53. Rc3 Ra1 54. Rb3 Kd4 55. Rf3 Kc4 56. Rf4+ Kb3 57. Rf3+ Kb2 58. Rf2+ {[#]} Kc3 $1 59. Rf3+ Kc2 60. Rf2+ {[#]} Kd3 $1 61. Rf3+ Ke2 62. Rc3 Ra2 (62... a2 $142 63. Ra3 Kd1) 63. Rb3 $2 (63. Kh3) 63... h5 (63... Kd2 $142 64. Rh3 Ra1 65. Rxh4 a2) 64. Rc3 Kf1 65. Rf3+ Ke1 {...Ra1 is the strong threat.} 66. Rc3 Kd1 {aiming for ...Ra1.} 67. Rf3 Kc1 {Strongly threatening ...Ra1.} 68. Rf1+ Kb2 69. Rf2+ Kb3 70. Rf3+ Kb4 71. Rf4+ Kb5 72. Rf5+ Kb6 73. Rf3 Ra1 74. Re3 {Black is clearly better.} Kc5 75. Rf3 Kc4 {Threatens to win with ...a2.} (75... a2 $2 76. Ra3 $19) 76. Rf4+ Kd3 77. Rf3+ Ke4 {White must now prevent ...Ke5.} 78. Rc3 a2 79. Ra3 Kd4 80. Ra8 Kc5 {Hoping for ...Kb4.} 81. Rc8+ Kb6 {( -> ...Rf1)} 82. Ra8 Kc6 83. Ra3 {Accuracy: White = 51%, Black = 44%.} 1/2-1/2

[Event "10th LCC FIDE Open 2018"]
[Site "London"]
[Date "2018.12.10"]
[Round "3"]
[White "Richardson, John R"]
[Black "Nettleton, Charlie B"]
[Result "1-0"]
[WhiteElo "2242"]
[BlackElo "2059"]
[Annotator "TA"]
[PlyCount "123"]
[EventDate "2018.12.09"]
[EventType "swiss"]
[EventCountry "ENG"]
[SourceTitle "playchess.com"]
[Source "ChessBase"]
[SourceQuality "1"]

{[%evp 16,123,57,22,21,10,10,11,28,0,39,39,40,-48,0,-79,-47,-71,-10,-168,-166,-171,-161,-212,-181,-207,-164,-137,-122,-97,-108,-145,-75,-77,-86,-73,-64,-78,-53,-61,-61,-61,-60,-110,-110,-110,-108,-160,-104,-145,-143,-150,-146,-147,-149,-154,-100,-96,-70,-169,-183,-256,-285,-286,-174,-184,-180,-291,-175,-417,-171,-166,-162,-185,-141,-137,-156,-129,-95,-99,-68,-68,-67,-67,-48,-107,-67,-67,0,-48,-49,-105,-59,-201,-76,-376,-67,-68,0,-373,-347,-241,0,-68,0,0,329,293,5077,2187]} 1. d4 d6 2. c4 e5 3. Nf3 Nd7 4. Nc3 Ngf6 5. g3 Be7 6. Bg2 O-O 7. O-O c6 8. e4 Re8 9. d5 {LiveBook: 12 Games. A55: Old Indian Defence with Nf3 and e4} (9. b3 exd4 10. Nxd4 Bf8 11. Re1 a6 12. Bb2 Ne5 13. f4 Ng6 14. Qd2 Bd7 15. Rad1 b5 16. h3 bxc4 17. bxc4 {½-½ (78) Timman,J (2578)-Hjartarson,J (2640) Reykjavik 2004}) 9... cxd5 10. cxd5 Nc5 11. Ne1 {The position is equal.} a5 $146 ({Predecessor:} 11... Bd7 12. b4 Na6 13. Nd3 Rc8 14. Bd2 Qc7 15. a3 Qb8 16. Qb3 Rc7 {1-0 (34) Uryupin,I (2285)-Shcherbakov,N (1892) Tambov 2016}) 12. Nd3 b6 13. Nxc5 bxc5 14. f4 (14. Bd2 $14) 14... Nd7 15. Be3 (15. f5 $1 $11) 15... Ba6 16. Rf2 Bf6 (16... exf4 $17 17. gxf4 (17. Bxf4 Bf6 $15) 17... Rb8) 17. Qg4 $2 (17. f5 $1 $11) 17... exf4 $1 $19 18. gxf4 Rb8 19. e5 (19. Re1 $142) 19... dxe5 20. Ne4 Bd3 {White must now prevent ...Bxe4.} 21. f5 Bxe4 22. Bxe4 Rb4 23. Kh1 Qb8 (23... Be7 $142 {...Nf6 is the strong threat.} 24. Rg1 Bf8) 24. Rg1 Kf8 (24... Rxb2 $2 25. Rxb2 Qxb2 26. Bh6 $18) 25. Qg2 Qd6 26. Rc2 Reb8 27. Rgc1 $1 Rd4 28. Bxd4 exd4 29. Qg3 Qxg3 $1 30. hxg3 Ke7 31. Rh2 ({White should play} 31. Rxc5 Nxc5 32. Rxc5) 31... h6 ({Better is} 31... Kd6 $1 32. b3 a4 $1 {[%mdl 512]}) 32. Rc4 Kd6 {[%mdl 1024] Threatens to win with ...Re8. Black has strong compensation.} 33. b3 Nb6 {Strongly threatening ...Re8.} 34. Rc1 Bg5 35. Re1 Re8 (35... a4 $142 $1 36. Bd3 Nd7) 36. Rhe2 $17 Be3 37. Bf3 (37. Bd3 $15) 37... Nxd5 38. Bxd5 (38. Bh5 $142) 38... Kxd5 $19 {[%mdl 4096] Endgame KRR-KRB} 39. Kg2 Ke4 40. Rc2 Re5 $1 ({Inferior is} 40... Kxf5 41. Rxc5+ Kg4 42. Rf1 $11 (42. Rxa5 Rc8 $11)) 41. Rf1 (41. Rc4 $142) 41... f6 42. g4 $2 (42. Rc4) 42... Rd5 (42... d3 $142 43. Rc4+ Bd4) 43. Rc4 Bd2 44. Rf3 Bb4 45. Kf2 Re5 $1 46. Rc2 Kd5 47. Re2 Rxe2+ 48. Kxe2 $17 {KR-KB} Ke4 49. Rg3 Bc3 50. Rf3 (50. Rh3 $15) 50... Bb2 51. Rf1 {[#]} Ba3 (51... a4 $1 $15 {[%mdl 512]}) 52. Rf3 Bc1 53. Rf1 (53. a4 $1 $15) 53... Be3 54. Kd1 {[#]} ({Only move:} 54. a4 $1 $15) 54... d3 (54... a4 $1 $19 {[%cal Ra4b3][%mdl 512] is more deadly.} 55. Ke2 (55. bxa4 d3) 55... d3+ 56. Ke1 Bf4) 55. Ke1 $2 {[%mdl 8192]} (55. a4 $17 {only move.}) 55... Kd4 $2 (55... Bf4 $1 $19 56. Kd1 Bg5) 56. Rf3 {[#]} Ke4 $2 {[%mdl 8192]} (56... a4 $1 $15 {[%mdl 512]}) 57. Rf1 $1 $19 {[#]} Bf4 $1 58. Kd1 Be3 $2 ({Black should try} 58... Ke3 $19 59. Ke1 Be5) 59. Ke1 $1 $15 {[#]} h5 (59... a4 $1 $15 {[%mdl 512]}) 60. gxh5 $11 Bf4 $2 {[%mdl 8192]} (60... a4 $11) 61. Rg1 $18 Bg5 $2 {[#]} (61... Bh6 62. Rg4+ Kxf5) 62. Rxg5 $1 {[%mdl 512] Accuracy: White = 35%, Black = 42%.} 1-0

[Event "10th LCC FIDE Open 2018"]
[Site "London"]
[Date "2018.12.10"]
[Round "3"]
[White "Signorelli, Gaetano"]
[Black "Ratnesan, Ranesh"]
[Result "1-0"]
[WhiteElo "2222"]
[BlackElo "2055"]
[Annotator "TA"]
[PlyCount "53"]
[EventDate "2018.12.09"]
[EventType "swiss"]
[EventCountry "ENG"]
[SourceTitle "playchess.com"]
[Source "ChessBase"]
[SourceQuality "1"]

{[%evp 20,53,0,-8,-8,-8,0,0,10,-22,23,31,40,34,51,30,42,56,102,78,63,68,116,140,118,132,166,119,230,0,0,-138,-126,-132,29988,29989]} 1. e4 c5 2. Nf3 d6 3. d4 cxd4 4. Nxd4 Nf6 5. Nc3 a6 6. Qf3 g6 {B90: Sicilian Najdorf: Unusual White 6th moves, 6 Be3 Ng4 and 6 Be3 e5} (6... Qb6 7. Nb3 Nbd7 8. h3 Qc7 9. a4 b6 10. e5 Bb7 11. exd6 Qb8 12. Qd3 e5 13. Bg5 Bxd6 14. O-O-O {1-0 (36) Bauer,C (2630)-Bogner,S (2603) Maastricht 2017}) 7. h3 Bg7 8. Be3 Nc6 9. g4 O-O 10. O-O-O Bd7 11. Qg2 {LiveBook: 9 Games} b5 12. f4 {next e5! is good for White.} Rc8 13. Kb1 $146 ({Predecessor:} 13. e5 Ne8 14. Qf2 {½-½ (47) Sevdimaliyev,U (2373)-Salar,M (2217) Teheran 2017}) 13... Na5 14. Nd5 (14. e5 $5 {[%cal Re5f6]} Ne8 15. Qf2 $11) 14... Nc4 15. Bxc4 bxc4 16. Nxf6+ Bxf6 17. c3 (17. g5 $5 {[%cal Rg5f6]} Bg7 18. c3 $11) 17... Ba4 18. Rd2 Qa5 19. h4 {[%cal Bh3h4,Bh4h5][%mdl 32]} Rb8 {Threatens to win with ...Qxc3.} 20. Ka1 Bb3 {[%csl Gb3][%cal Ra5a2] [#]} 21. a3 $1 Ba4 22. h5 e5 23. fxe5 dxe5 (23... Bxe5 $16 24. Rf1 (24. hxg6 fxg6 25. Bh6 Rf7 $11) 24... Bd7) 24. Nf3 $2 ({White should try} 24. Qh2 $18 {White wants to mate with hxg6.} g5 25. Nf5) 24... Bc6 $11 {White must now prevent ...Rxb2!} 25. Rd6 {[#]} (25. Bg5 $11 {remains equal.} Rxb2 {[%mdl 64] Remove Defender} 26. Rxb2 Qxa3+ 27. Ra2 Qxc3+ 28. Rb2 Qa3+ 29. Ra2 Qc3+ 30. Rb2 Qa3+ 31. Ra2 Qc3+) 25... Be7 $1 $17 {[%cal Re7d6]} 26. hxg6 ({Wrong is} 26. Rxc6 $2 Bxa3 27. Bb6 Bxb2+ 28. Kxb2 Rxb6+ 29. Rxb6 Qxb6+ 30. Kc1 Qe3+ {[%mdl 64] Double Attack} 31. Qd2 Qxf3 $19 {[%mdl 64] Double Attack}) 26... Bxd6 $4 {[%mdl 8192]} (26... Rxb2 $17 27. gxh7+ Kh8 28. Qxb2 Bxd6) 27. Qh2 {Accuracy: White = 63%, Black = 33%.} 1-0

[Event "10th LCC FIDE Open 2018"]
[Site "London"]
[Date "2018.12.10"]
[Round "3"]
[White "Hill, Alistair"]
[Black "Gerlach, Felix Tobias"]
[Result "0-1"]
[WhiteElo "2219"]
[BlackElo "2050"]
[Annotator "NA RC"]
[PlyCount "70"]
[EventDate "2018.12.09"]
[EventType "swiss"]
[EventCountry "ENG"]
[SourceTitle "playchess.com"]
[Source "ChessBase"]
[SourceQuality "1"]
[TimeControl "40/5400+30:1800+30"]

1. d4 {[%emt 0:11:23]} Nf6 {[%emt 0:00:00]} 2. c4 {[%emt 0:00:05]} g6 {[%emt 0:00:00]} 3. Nc3 {[%emt 0:00:03]} Bg7 {[%emt 0:00:00]} 4. e4 {[%emt 0:00:05]} d6 {[%emt 0:00:00]} 5. Be2 {[%emt 0:00:22]} O-O {[%emt 0:00:00]} 6. Bg5 {[%emt 0:00:04]} c5 {[%emt 0:00:06]} 7. d5 {[%emt 0:00:15]} e6 {[%emt 0:00:06]} 8. Nf3 {[%emt 0:00:29]} exd5 {[%emt 0:01:24]} 9. cxd5 {[%emt 0:00:06]} h6 {[%emt 0:00:25]} 10. Bf4 {[%emt 0:00:05]} g5 {[%emt 0:03:02] A72: Modern Benoni: Classical: Lines with Bg5} 11. Be3 {[%emt 0:01:08]} (11. Bg3 Nh5 12. O-O Na6 13. Re1 Nc7 14. Bd3 Nxg3 15. hxg3 b5 16. e5 c4 17. Bc2 b4 18. Ne4 dxe5 19. d6 {0-1 (38) Kelires,A (2523)-Bologan,V (2600) Batumi 2018}) 11... b5 {[%emt 0:00:41]} 12. Qc2 $146 {[%emt 0:56:37]} ({Predecessor:} 12. Bxb5 Nxe4 13. Nxe4 Qa5+ 14. Qd2 Qxb5 15. Nxd6 Qxb2 16. Qxb2 Bxb2 17. Rb1 Bc3+ 18. Bd2 Bxd2+ 19. Kxd2 {½-½ (38) Forster,W (1971)-Pomeroy,A (2102) Wellington 2016}) 12... b4 {[%emt 0:15:38]} 13. Nd1 $1 {[%emt 0:00:02]} Re8 {[%emt 0:18:07]} 14. Nd2 {[%emt 0:00:28]} Ba6 {[%emt 0:00:40]} 15. Bxa6 {[%emt 0:01:19]} Nxa6 {[%emt 0:01:08]} 16. O-O {[%emt 0:04:36]} Nc7 {[%emt 0:03:32]} 17. Re1 {[%emt 0:00:01]} Nh5 {[%emt 0:02:21]} 18. Nf1 {[%emt 0:01:45]} ({White should try} 18. a3 $11) 18... Qf6 {[%emt 0:02:12]} 19. a3 {[%emt 0:04:16]} bxa3 {[%emt 0:09:25]} 20. Rxa3 {[%emt 0:00:02]} Qg6 {[%emt 0:00:12]} 21. Qa4 {[%emt 0:10:42]} (21. Nc3 $1 $11) 21... Qxe4 {[%emt 0:16:05]} 22. Qc6 {[%emt 0:00:01]} Nf4 {[%emt 0:00:17]} 23. f3 {[%emt 0:00:26]} Qc2 {[%emt 0:00:21]} 24. Nf2 {[%emt 0:03:18]} Nfxd5 $19 {[%emt 0:00:30]} 25. Rd3 {[%emt 0:01:51]} Nb4 {[%emt 0:03:16]} 26. Qxd6 {[%emt 0:01:12]} Nxd3 {[%emt 0:02:44]} 27. Nxd3 {[%emt 0:00:03]} Rad8 {[%emt 0:01:07]} 28. Qxc7 {[%emt 0:00:12]} Rxd3 {[%emt 0:01:36]} 29. Qc6 {[%emt 0:01:01]} Rdxe3 {[%emt 0:01:41]} 30. Rxe3 {[%emt 0:01:12]} Rxe3 {[%emt 0:01:41]} 31. Nxe3 {[%emt 0:01:20]} Bd4 {[%emt 0:04:06]} 32. Qe8+ {[%emt 0:00:26]} Kg7 {[%emt 0:00:12]} 33. Qe5+ {[%emt 0:00:55]} Bxe5 {[%emt 0:00:38]} 34. Nxc2 {[%emt 0:00:03]} Bxb2 {[%emt 0:00:13]} 35. Kf2 {[%emt 0:00:04]} a5 {[%emt 0:00:17]} 0-1

[Event "10th LCC FIDE Open 2018"]
[Site "London"]
[Date "2018.12.10"]
[Round "3"]
[White "Knudsen, Simon"]
[Black "Akash Pc, Iyer"]
[Result "0-1"]
[WhiteElo "2206"]
[BlackElo "2441"]
[Annotator "TA"]
[PlyCount "120"]
[EventDate "2018.12.09"]
[EventType "swiss"]
[EventCountry "ENG"]
[SourceTitle "playchess.com"]
[Source "ChessBase"]
[SourceQuality "1"]

{[%evp 9,120,87,120,95,112,67,62,61,95,72,91,86,116,122,136,132,130,96,102,47,66,49,129,74,66,81,86,56,50,50,53,41,45,37,47,40,11,29,20,0,0,-12,0,-79,-54,-140,-105,-89,-50,-61,-24,-22,-34,-51,-12,-62,-61,-52,-59,-114,-108,-89,-100,-112,-72,-153,-154,-163,-164,-166,-158,-287,-204,-205,-204,-466,-466,-472,-468,-458,-464,-448,-426,-383,-403,-405,-429,-485,-367,-391,-379,-362,-234,-232,-197,-205,-195,-213,-212,-304,-306,-316,-290,-325,-327,-320,-308,-375,-362,-346,-327,-327,-318]} 1. e4 Nc6 2. Nf3 d6 3. d4 Bg4 4. d5 Nb8 5. h3 Bh5 (5... Bxf3 6. Qxf3 Nf6 7. Nc3 g6 8. g3 Bg7 9. Bg2 c5 10. O-O O-O 11. Qe2 Qb6 12. Kh2 Nbd7 13. a4 Rab8 14. a5 Qa6 15. Nb5 b6 {1-0 (36) Cabezas Ayala,I (2308)-Starostits,I (2454) Pontevedra 2018}) 6. Be3 $146 {B00: Queen's Fianchetto Defence, Nimzowitsch Defence} ({Predecessor:} 6. Nc3 Nd7 7. g4 Bg6 8. Bg2 e5 9. dxe6 fxe6 10. Nd4 Bf7 11. O-O e5 12. Nf5 {½-½ (53) Lyell,M (2228)-Sarosi,Z (2234) Kecskemet 2014}) 6... Nd7 7. Be2 Ngf6 8. Nc3 {White is slightly better.} Bg6 9. Nd2 e5 10. g4 Nc5 {[%cal Rf6e4]} 11. Bf3 Nfd7 12. Qe2 Be7 13. Nc4 h6 14. b4 (14. Na5 $16) 14... Na6 $14 15. a3 Bg5 (15... Nab8 $14) 16. Bxg5 (16. Na5 $142) 16... hxg5 $16 17. Na5 Qc8 18. Qb5 b6 $1 {[%cal Rb6a5]} 19. Nc4 {[%cal Ba5c4,Bc4e3,Be3f5][%mdl 32]} Nab8 20. Ne3 a6 21. Qc4 f6 22. Kf1 Kf7 23. Kg2 Nf8 {[%cal Bd7f8,Bf8g6,Bg6f4][%mdl 32]} 24. Rh2 Bh7 25. Nf5 {Nxd6+! is the strong threat.} Ng6 26. h4 (26. Ne2 $1 $11 {keeps the balance.}) 26... Nf4+ 27. Kf1 (27. Kg1 $15) 27... b5 28. Qb3 Bxf5 (28... gxh4 {keeps more tension.} 29. a4 Nd7 30. a5 g6 31. Ne3 Bg8) 29. gxf5 Rxh4 30. Rxh4 gxh4 31. Ne2 Nd7 $36 {[%mdl 2048] Black is pushing.} 32. c4 bxc4 33. Qxc4 a5 {Strongly threatening ...Nxe2.} 34. Rc1 {[#]} (34. Nxf4 $15 exf4 35. bxa5) 34... axb4 $1 $17 35. axb4 Ra7 36. Qc3 Qa6 37. Qe3 (37. Qc6 $142 Qxc6 38. dxc6) 37... Rb7 38. Kg1 {[#]} Nh3+ $1 ({Worse is} 38... Rxb4 39. Nxf4 exf4 40. Qxf4 $11) 39. Kh2 Ng5 40. Rg1 (40. Ng1 $17) 40... Qb6 {And now ...Qxe3 would win.} 41. Bh5+ Kf8 {aiming for ...Qxe3.} 42. Nc3 $2 (42. Qxb6 {was necessary.} Nxb6 43. Rg4) 42... Qxe3 $19 43. fxe3 Rxb4 44. Ra1 Ke7 45. Ra7 Kd8 46. Ra8+ Rb8 47. Ra2 Nc5 48. Kg2 Ngxe4 49. Nxe4 Nxe4 {[%mdl 4096] Endgame KRB-KRN} 50. Kh3 Ng5+ 51. Kxh4 Kd7 52. Be2 Ne4 53. Ra3 Rb2 54. Bf1 (54. Bc4 {was called for.}) 54... Nd2 55. Ba6 c6 56. dxc6+ Kxc6 57. Kh5 {and the idea Kg6 leaves White hopeful.} Ne4 58. Kg6 Rg2+ 59. Kf7 Nc5 60. Bc8 d5 {Accuracy: White = 43%, Black = 69%.} 0-1